Investigating teacher talk in the ESL literature classroom /
Saved in:
| Main Author: | |
|---|---|
| Format: | Thesis Book |
| Language: | English |
| Published: |
2006.
|
| Subjects: | |
| Tags: |
Add Tag
No Tags, Be the first to tag this record!
|
| LEADER | 00879cam a2200229 a 4500 | ||
|---|---|---|---|
| 001 | u728376 | ||
| 003 | SIRSI | ||
| 005 | 200609291452 | ||
| 008 | 060929s2006 my t 000 0 eng m | ||
| 090 | |a LB7 |b UM 2006 Cho | ||
| 100 | 1 | 0 | |a Chong, Shia Yian. |
| 245 | 1 | 0 | |a Investigating teacher talk in the ESL literature classroom / |c Chong Shia Yian. |
| 260 | |c 2006. | ||
| 300 | |a ix,106 leaves : |b ill. ; |c 30 cm. | ||
| 502 | |a Dissertation (M.Ed.) -- Fakulti Pendidikan, Universiti Malaya, 2006. | ||
| 504 | |a Bibliography: leaves 91-95. | ||
| 650 | 0 | |a English literature |x Study and teaching (Secondary) | |
| 650 | 0 | |a Teacher-student relationships. | |
| 650 | 0 | |a Interaction analysis in education. | |
| 710 | 2 | 0 | |a Universiti Malaya. |b Fakulti Pendidikan. |
| 596 | |a 1 | ||
| 999 | |a LB7 UM 2006 CHO |w LC |c 1 |i A512810881 |d 13/1/2016 |e 13/1/2016 |f 14/2/2007 |g 1 |l STACKS |m P01UTAMA |n 12 |r Y |s Y |t TESIS |u 13/2/2007 | ||
